Wszystkie postacie Mortal Kombat 11 - Statystyki

Ogólne statystyki
  • Ten quiz został rozwiązany 292 razy
  • Średni wynik to 15 z 25
Statystyki odpowiedzi
Postać % Poprawnych
Scorpion
95%
Sub-Zero
93%
Kitana
74%
Raiden
74%
Jax
72%
Liu Kang
72%
Cassie Cage
68%
Kung Lao
68%
Sonya Blade
66%
Jade
65%
Johny Cage
61%
Baraka
60%
Kano
56%
Noob Saibot
54%
Kotal Kahn
51%
Shao Kahn
51%
Skarlet
51%
Frost
49%
Kabal
47%
Cetrion
44%
Erron Black
44%
Geras
43%
D'vorah
41%
The Kollector
36%
Jacqui Briggs
33%
Nie znaleziono quizów pasujących do podanych kryteriów
Rozkład punktacji
Procent ludzi z każdym wynikiem
Percentyl według liczby udzielonych odpowiedzi
Twoja historia wyników
Nie rozwiązałeś tego quizu